Vista normal Vista MARC

Entrada Topical Term

Número de registros utilizados en: 2

001 - CONTROL NUMBER

  • control field: 5567

003 - CONTROL NUMBER IDENTIFIER

  • control field: OSt

005 - DATE AND TIME OF LATEST TRANSACTION

  • control field: 20200612201816.0

008 - FIXED-LENGTH DATA ELEMENTS

  • fixed length control field: 200612|| aca||aabn | a|a d

040 ## - CATALOGING SOURCE

  • Original cataloging agency: OSt
  • Transcribing agency: OSt

150 ## - HEADING--TOPICAL TERM

  • Topical term or geographic name entry element: Constitución

670 ## - SOURCE DATA FOUND

  • Source citation: Work cat.: (OSt)5449: Cuellar Lopez, Luis, autor 5566, Comentarios al artículo 32 de la constitución nacional /, 1972.